|
|
|
|
| LEADER |
00000nab a2200000Ia 4500 |
| 001 |
vtls010822225 |
| 003 |
SK-MaSNL |
| 005 |
20260305015848.0 |
| 008 |
230121d1975 xo |||||||||||||||||slo| |
| 035 |
|
|
|a (urnnbn)urn:nbn:sk:snk:ar-a0609m
|
| 035 |
|
|
|a urn:nbn:sk:snk-ab5p9a
|
| 035 |
|
|
|a (uuid)2b134e28-1019-4f36-8fb5-90793dd9302a
|
| 040 |
|
|
|a SNKBUCL
|b slo
|c SNKBUCL
|e AACR2
|
| 041 |
0 |
|
|a slo
|
| 044 |
|
|
|a xo
|c SK
|
| 080 |
|
|
|a 640
|2 2011
|
| 080 |
|
|
|a 711.455:615.838
|2 2011
|
| 080 |
|
|
|a 612.39
|2 2011
|
| 100 |
1 |
|
|a Krížková, Katarína
|4 aut
|9 1595044
|
| 245 |
1 |
0 |
|a Stravovanie v kúpeľných zariadeniach
|c Katarína Krížková
|
| 650 |
0 |
7 |
|a stravovanie
|2 SNKPH
|9 13690
|
| 650 |
0 |
7 |
|a kúpele
|2 SNKPH
|9 1139
|
| 650 |
0 |
7 |
|a výživa
|2 SNKPH
|9 2615
|
| 650 |
0 |
7 |
|a diéty
|2 SNKPH
|9 1802
|
| 773 |
0 |
|
|t Výživa a zdravie : časopis pre výživu a zdravý životný štýl
|g Roč. 20, č. 7 (1975), s. 160-161
|
| 954 |
|
|
|a odborná, vedecká literatúra pôvodná (slovenská)
|2 lita
|
| 958 |
|
|
|a OND
|
| 958 |
|
|
|a EUIPO
|
| 958 |
|
|
|a article5
|
| 999 |
|
|
|c 3277513
|d 3279443
|